| 000 | 01418nam a2200289 i 4500 | ||
|---|---|---|---|
| 001 | 142559 | ||
| 003 | ES-MaACL | ||
| 005 | 20251012201937.0 | ||
| 007 | t| | ||
| 008 | 071008m19641968sp |||| | cat d | ||
| 080 | _a338.1(460.23)"17" | ||
| 080 | _a911.3(460.23):33 | ||
| 100 | 1 |
_aVilar, Pierre, _d1906-2003 _9114800 |
|
| 245 | 1 | 0 |
_aCatalunya dins l'Espanya moderna _b: recerques sobre els fonaments econòmics de les estructures nacionals / _cPierre Vilar ; pòrtic d' A. Duran i Sanpere ; [traducció d'Eulàlia Duran de Cahner]. |
| 250 | _a1ª ed. | ||
| 260 |
_aBarcelona : _bEdicions 62, _c1964-1968. |
||
| 300 |
_a4 v. ; _c21 cm. |
||
| 490 | 1 |
_aCol·lecció Estudis i Documents ; _v1-4 |
|
| 505 | 8 |
_aContiene: 1 ; _tIntroducció, El medi natural / pòrtic d' A. Duran i Sanpere (431 p., 40 p. de lám.) - 2 ; _tEl medi històric (463 p.) - 3 ; _tLes transformacions agráries del segle XVIII catalá: de l'impuls de les forces productives a la formació d'una burgesia nova (663 p.) - 4 ; _tLa formació del capital comercial (631 p.) |
|
| 651 | 4 |
_aCataluña- _xSituación económica- _yS.XVIII. _9167750 |
|
| 651 | 4 |
_aCataluña- _xGeografía económica. _9165017 |
|
| 700 | 0 |
_aDurán, Eulàlia. _946179 |
|
| 700 | 1 |
_aDurán i Sanpere, Agustí, _d1887-1975 _946223 |
|
| 830 | 0 |
_aCol·lecció Estudis i Documents ; _v1-4 _9187245 |
|
| 852 |
_aES-MaACL _jP-429-Ter |
||
| 999 |
_c142559 _d142559 |
||